Statistics for Ayn Rand Bibliography

Click here to take the quiz!

General Stats

  • This quiz has been taken 9 times
  • The average score is 5 of 145

Answer Stats

TypeYearName% Correct
Screenplay1949The Fountainhead
100%
Novel1943The Fountainhead
100%
Novel1957Atlas Shrugged
88%
Novella1938Anthem
75%
Novel1936We the Living
38%
Essay Collection1969The Romantic Manifesto: A Philosophy of Literature
25%
Play1989Ideal
13%
Novel2015Ideal
13%
Non-Fiction Book1979Introduction to Objectivist Epistemology
13%
Essay Collection1982Philosophy: Who Needs It
13%
Essay1982Philosophy: Who Needs It
13%
Essay Collection1964The Virtue of Selfishness: A New Concept of Egoism
13%
Essay1989About a Woman President
0%
Essay1966Alienation
0%
Essay1989Altruism as Appeasement
0%
Essay1966America's Persecuted Minority: Big Business
0%
Essay1982An Open Letter to Boris Spassky
0%
Essay1966Antitrust
0%
Essay1989Antitrust: The Rule of Unreason
0%
Essay1982An Untitled Letter
0%
Essay1989Apollo 11
0%
Essay1971Apollo and Dionysus
0%
Essay1969Art and Cognition
0%
Essay1969Art and Moral Treason
0%
Essay1969Art and Sense of Life
0%
Essay1989Assault from the Ivory Tower: The Professors' War Against America
0%
Non-Fiction Book2005Ayn Rand Answers: The Best of Her Q & A
0%
Non-Fiction Book1995Ayn Rand's Marginalia: Her Critical Comments on the Writings of Over 20 Authors
0%
Essay1969Basic Principles of Literature
0%
Essay1969Bootleg Romanticism
0%
Essay Collection1966Capitalism: The Unknown Ideal
0%
Essay1982Causality Versus Duty
0%
Essay1982Censorship: Local and Express
0%
Essay1964Collectivized Ethics
0%
Essay1964Collectivized "Rights"
0%
Essay1966Common Fallacies About Capitalism
0%
Essay1966Conservatism: An Obituary
0%
Essay1964Counterfeit Individualism
0%
Essay1964Doesn't Life Require Compromise?
0%
Essay1982Don't Let It Go
0%
Essay1982Egalitarianism and Inflation
0%
Essay1989Epitaph for a Culture
0%
Essay1966"Extremism," or The Art of Smearing
0%
Essay1982Fairness Doctrine for Education
0%
Essay1982Faith and Force: The Destroyers of the Modern World
0%
Non-Fiction Book1961For the New Intellectual: The Philosophy of Ayn Rand
0%
Essay1971From a Symposium
0%
Essay1982From the Horse's Mouth
0%
Essay1971Gender Tribalism - Peter Schwartz
0%
Essay1971Global Balkanization
0%
Essay1966Gold and Economic Freedom
0%
Essay1964Government Financing in a Free Society
0%
Essay1964How Does One Lead a Rational Life in an Irrational Society?
0%
Essay1989How Not to Fight Against Socialized Medicine
0%
Essay1989How to Read (and Not to Write)
0%
Essay1989Hunger and Freedom
0%
Essay1989Introducing Objectivism
0%
Essay1969Introduction to Ninety-Three
0%
Essay1966Is Atlas Shrugging?
0%
Essay1964Isn't Everyone Selfish?
0%
Journal Collection1997Journals of Ayn Rand
0%
Essay1982Kant Versus Sullivan
0%
Letter Collection1995Letters of Ayn Rand
0%
Essay1966Let Us Alone!
0%
Essay1989Libertarianism: The Perversion of Liberty
0%
Screenplay1945Love Letters
0%
Essay1964Man's Rights
0%
Essay1989Medicine: The Death of a Profession
0%
Essay1964Mental Health versus Mysticism and Self-Sacrifice
0%
Play1934Night of January 16th
0%
Essay1966Notes on the History of American Free Enterprise
0%
Essay1989Of Living Death
0%
Essay1989Our Cultural Value-Deprivation
0%
Essay1966Parents and Copyrights
0%
Essay1982Philosophical Detection
0%
Essay1969Philosophy and Sense of Life
0%
Essay1971"Political" Crimes
0%
Essay1964Racism
0%
Essay1989Religion Versus America
0%
Essay1989Representation Without Authorization
0%
Essay1966Requiem for Man
0%
Essay1989Review of Randall's Aristotle
0%
Non-Fiction Book1999Russian Writings on Hollywood
0%
Essay1982Selfishness Without a Self
0%
Essay1989Tax Credits for Education
0%
Essay1971The Age of Envy
0%
Essay1989The American School: Why Johnny Can't Think
0%
Essay1966The Anatomy of Compromise
0%
Essay1971The Anti-Industrial Revolution
0%
Essay1964The Argument from Intimidation
0%
Non-Fiction Book2000The Art of Fiction: A Guide for Writers and Readers
0%
Non-Fiction Book2001The Art of Nonfiction: A Guide for Writers and Readers
0%
Essay1966The Assault on Integrity
0%
Non-Fiction Book1991The Ayn Rand Column: Written for the Los Angeles Times
0%
Non-Fiction Book1999The Ayn Rand Reader
0%
Essay1966The Cashing-In: The Student "Rebellion"
0%
Essay1971The Chickens' Homecoming
0%
Essay1971The Comprachicos
0%
Essay1964The "Conflicts" of Men's Interests
0%
Essay1964The Cult of Moral Grayness
0%
Essay1964The Divine Right of Stagnation
0%
Writings Collection1984The Early Ayn Rand: A Selection from Her Unpublished Fiction
0%
Essay1966The Effects of the Industrial Revolution on Women and Children
0%
Essay1982The Establishing of an Establishment
0%
Essay1969The Esthetic Vacuum of Our Age
0%
Essay1964The Ethics of Emergencies
0%
Essay1969The Goal of My Writing
0%
Essay1971The "Inexplicable Personal Alchemy"
0%
Essay1989The Intellectual Bankruptcy of Our Age
0%
Essay1989The Invented Moral Priorities
0%
Essay1971The Left: Old and New
0%
Essay1989The Lessons of Vietnam
0%
Essay1982The Metaphysical Versus the Man-Made
0%
Essay1982The Missing Link
0%
Essay1964The Monument Builders
0%
Essay1964The Nature of Government
0%
Essay1966The New Fascism: Rule by Consensus
0%
Essay Collection1971The New Left: The Anti-Industrial Revolution
0%
Essay1964The Objectivist Ethics
0%
Essay1966The Obliteration of Capitalism
0%
Essay1966Theory and Practice
0%
Essay1966The Property Status of Airwaves
0%
Essay1969The Psycho-Epistemology of Art
0%
Essay1964The Psychology of Pleasure
0%
Essay1989The Psychology of Psychologizing
0%
Essay1989The Pull Peddlers
0%
Essay1966The Pull Peddlers
0%
Essay1989The Question of Scholarships
0%
Essay1966The Roots of War
0%
Essay1989The Sanction of the Victims
0%
Essay1969The Simplest Thing in the World
0%
Essay1982The Stimulus and the Response
0%
Play1940The Unconquered
0%
Essay Collection1989The Voice of Reason: Essays in Objectivist Thought
0%
Essay1966The Wreckage of the Consensus
0%
Play Collection2005Three Plays
0%
Essay1989Through Your Most Grievous Fault
0%
Essay1989To Dream the Noncommercial Dream
0%
Essay1989To Young Scientists
0%
Essay1982What Can One Do?
0%
Essay1966What Is Capitalism?
0%
Essay1969What Is Romanticism?
0%
Essay1989Who Is the Final Authority in Ethics?
0%
Non-Fiction Book1999Why Businessmen Need Philosophy
0%
Screenplay1945You Came Along
0%

Score Distribution

Percentile by Number Answered

Percent of People with Each Score

Your Score History

You have not taken this quiz